| 000 | 00468nam a2200181Ia 4500 | ||
|---|---|---|---|
| 001 | 11352 | ||
| 005 | 20260306162821.0 | ||
| 008 | 260306t2011||||xx |||||||||||||| ||spa|| | ||
| 041 | _aESP | ||
| 082 |
_a985.033 _bV16 |
||
| 100 |
_aValle de Siles, María Eugenia del _eAUT |
||
| 245 | 0 |
_aHistoria de la rebelión de Tupac Catari: _b1781 - 1782 |
|
| 260 | _c2011 | ||
| 300 |
_a611 páginas : _c24 cm. |
||
| 650 | _aGEN | ||
| 654 | _aCHU | ||
| 942 |
_cLIB _dJUS _fJUS _2ddc _n |
||
| 999 |
_c11352 _d11352 |
||